• 首页
  • 本馆介绍
  • 公告通知
  • 最新文献
  • 馆藏检索
  • 电子资源
  • 读者导购
  • 参考咨询
  • 我的图书馆
  • 登录
  • 详细信息显示
  • 放入我的书架
  • 预约/预借图书
  • 作者相关作品
  • 分类相关作品
  • 丛书相关作品
  • 出版社相关作品

书目信息

  • 表格格式
  • 工作单格式
  • 卡片格式
题名:
男性疾病问答
    
 
作者: 姚德鸿 , 江宏思 编著
分册:  
出版信息: 上海   上海科学技术出版社  1986
页数: 130页
开本: 20cm
丛书名:
单 册:
中图分类: R759
科图分类:
主题词: 性病学
电子资源:
ISBN:
000 00612nam0 2200217 450
001 0761166391
005 20070922170109.09
010    @dCNY0.72
100    @a20070922d1986 km y0chiy0120 ea
101 0  @achi
102    @aCN@b310000
102    @aCN@b310000
200 1  @a男性疾病问答@Anan xing ji bing wen da@f姚德鸿,江宏思编著@Fyao de hong,jiang hong si bian zhu
210    @a上海@c上海科学技术出版社@d1986
215    @a130页@d20cm
606 0  @a性病学
690    @aR759@v3
701  0 @a姚德鸿@Ayao de hong@4编著
701  0 @a江宏思@Ajiang hong si@4编著
801  0 @aCN@bPFT@c20070922
905    @a10447@dR759@e8
    
    男性疾病问答/姚德鸿,江宏思编著.-上海:上海科学技术出版社,1986
    130页;20cm
    
    
    ISBN :CNY0.72
    
●
相关链接 在E读中查询图书 在五车中查询图书 在当当中查询图书 在豆瓣中查询图书


正题名:男性疾病问答     索取号:R759/8         预约/预借

序号 登录号 条形码 馆藏地/架位号 状态 备注
1 626062   206260623   第二样本阅览室/ [索取号:R759/8] 在馆    
欢迎您!
大连网信软件有限公司© 版权所有